परकटे पक्षी का आकाश : (Record no. 115115)

MARC details
000 -LEADER
fixed length control field 01201nam a22002777a 4500
003 - CONTROL NUMBER IDENTIFIER
control field dpl
005 - DATE AND TIME OF LATEST TRANSACTION
control field 20180907114538.0
008 - FIXED-LENGTH DATA ELEMENTS--GENERAL INFORMATION
fixed length control field 180831b xxu||||| |||| 00| 0 eng d
010 ## - LIBRARY OF CONGRESS CONTROL NUMBER
LC control number B-093182
020 ## - INTERNATIONAL STANDARD BOOK NUMBER
Terms of availability 200.00
International Standard Book Number 8188381152
035 ## - SYSTEM CONTROL NUMBER
System control number B-093182,B-093184, B-093190
037 ## - SOURCE OF ACQUISITION
Source of stock number/acquisition Cen Lib/Ret
040 ## - CATALOGING SOURCE
Original cataloging agency DPL
Language of cataloging HN
Transcribing agency 0
082 ## - DEWEY DECIMAL CLASSIFICATION NUMBER
Classification number
Item number पासवा
100 ## - MAIN ENTRY--PERSONAL NAME
Personal name पासवान प्रज्ञाचक्षु, सुकन
9 (RLIN) 59955
245 ## - TITLE STATEMENT
Title परकटे पक्षी का आकाश :
Statement of responsibility, etc सुकन पासवान प्रज्ञाचक्षु
Remainder of title कहानी संग्रह /
246 ## - VARYING FORM OF TITLE
Title proper/short title Parkate pakshi ka aakash : kahani sangreh /
Remainder of title by Sukan Paswan Pragyachakchu /
260 ## - PUBLICATION, DISTRIBUTION, ETC. (IMPRINT)
Place of publication, distribution, etc दिल्ली
Name of publisher, distributor, etc नीरज बुक सेंटर
Date of publication, distribution, etc 2003
270 ## - ADDRESS
Address सी-32, आर्य नगर सोसाइटी
City दिल्ली
Postal code 110092
300 ## - PHYSICAL DESCRIPTION
Extent 175पृ.
Dimensions 21सेमी (सजिल्द)
650 ## - SUBJECT ADDED ENTRY--TOPICAL TERM
Topical term or geographic name as entry element हिन्दी साहित्य
9 (RLIN) 59956
650 ## - SUBJECT ADDED ENTRY--TOPICAL TERM
Topical term or geographic name as entry element कहानियां
9 (RLIN) 59957
650 ## - SUBJECT ADDED ENTRY--TOPICAL TERM
Topical term or geographic name as entry element Hindi literature
9 (RLIN) 59958
650 ## - SUBJECT ADDED ENTRY--TOPICAL TERM
Topical term or geographic name as entry element Stories
9 (RLIN) 7500
942 ## - ADDED ENTRY ELEMENTS (KOHA)
Source of classification or shelving scheme Dewey Decimal Classification
Koha item type Hindi Books
Classification part
Call number suffix पासवा
Holdings
Withdrawn status Lost status Damaged status Not for loan Home library Current library Date acquired Source of acquisition Cost, normal purchase price Total Checkouts Full call number Barcode Date last seen Copy number Cost, replacement price Price effective from Koha item type Source of classification or shelving scheme Collection code
        Central Library Central Library 19/08/2015 Cen Lib/Ret 200.00   क पासवा B-093182 30/12/2024 1 200.00 19/08/2015 Hindi Books    
        Patel Nagar Patel Nagar 31/08/2018 BPPD/PUB 200.00   क पासवा B-093184 31/08/2018   200.00 31/08/2018 Hindi Books Dewey Decimal Classification Fiction
        Shahdara Branch Shahdara Branch 07/09/2018 BPPD/PUB 200.00   क पासवा B-093190 07/09/2018   200.00 07/09/2018 Hindi Books Dewey Decimal Classification Fiction

© Delhi Public Library
Hit Counter
free hit counter